01331nab a22002537a 4500003000400000005001700004008004100021040000700062100002900069245012500098260007200223300001300295500003800308505032400346505008900670650002000759650002400779650002500803650002600828650003900854650002700893650002400920773013300944OSt20260114011041.0190605e xxu||||| |||| 00| 0 spa d cPJ aMosquera, Gerardo Raúl10aResponsabilidad penal por lesiones derivadas de factores y riesgos psicosociales del trabajo /cGerardo Raúl Mosquera. aCiudad Autónoma de Buenos Aires :bThomson Reuters La Ley,c2024. ap. 53-72 aCita: TR LALEY AR/DOC/263/2024.  aSumario: I. Introducción.— II. Responsabilidad penal por lesiones derivadas de riesgos psicosociales.— III. El dolo y la culpa penal.— IV. Los deberes y obligaciones de seguridad del empleador.— V. La situación en el derecho comparado.— VI. Algunos antecedentes en el derecho local.— VII. Conclusiones.  t¿Te interesa el texto completo? Solicitalo al correo: koha@justierradelfuego.gov.ar 0aDERECHO LABORAL 0aRIESGOS DEL TRABAJO 0aCOMISIONES MÉDICAS 0aACCIDENTES DE TRABAJO 0aASEGURADOR POR RIESGOS DEL TRABAJO 0aENFERMEDAD PROFESIONAL 0aINCAPACIDAD LABORAL0 02711dCiudad Autónoma de Buenos Aires : Thomson Reuters La Ley, 1999-2002.tRevista de derecho del trabajo. Nº 2 - Marzo 2024